000 00513nam a2200181 i 4500
001 142504
003 ES-MaACL
005 20250907063112.0
007 t|
008 071005s1971 sp ||||1| spa d
100 1 _aVillalonga, Llorenç,
_d1897-1980
_9114975
245 1 0 _aDesenlace en Montlleó /
_cLorenzo Villalonga.
250 _a[1ª ed.].
260 _a[Barcelona] :
_bSeix Barral,
_c[1971]
300 _a197 p. ;
_c20 cm.
852 _aES-MaACL
_jC-39198
_bR.78944
999 _c142504
_d142504